Normal view
MARC view
- Curtis, Kent
Entry Personal Name
001 - CONTROL NUMBER
- control field: 112449
003 - CONTROL NUMBER IDENTIFIER
- control field: NUST
005 - DATE AND TIME OF LATEST TRANSACTION
- control field: 20230518121915.0
008 - FIXED-LENGTH DATA ELEMENTS
- fixed length control field: 230518|| aca||aabn | a|a d
040 ## - CATALOGING SOURCE
- Original cataloging agency: NUST
- Transcribing agency: NUST
100 ## - HEADING--PERSONAL NAME
- Personal name: Curtis, Kent
670 ## - SOURCE DATA FOUND
- Source citation: Work cat.: (NUST): Curtis, Kent , The art of leadership /, 2022.
